[Event "Quebec op U1400"]
[Site "Montreal"]
[Date "2016.07.28"]
[Round "7.5"]
[White "Laroche, Martin"]
[Black "Laroche, Hugo"]
[Result "0-1"]
[WhiteElo "1372"]
[BlackElo "1272"]
[PlyCount "48"]
[EventDate "2016.07.23"]
[EventType "swiss"]
[EventRounds "8"]
[EventCountry "CAN"]
[SourceTitle "EXT 2022"]
[Source "ChessBase"]
[SourceDate "2021.10.06"]
[SourceVersion "1"]
[SourceVersionDate "2021.10.06"]
[SourceQuality "1"]

1. f4 d5 2. Nf3 Nf6 3. h3 c5 4. d4 Bf5 5. Nc3 e6 6. g4 Be4 7. Bg2 cxd4 8. Nxe4 Nxe4 9. Qxd4 Nc6 10. Qa4 Bb4+ 11. Bd2 Qb6 12. Rf1 Bc5 13. 0-0-0 Ng3 14. Ne5 Nxf1 15. Rxf1 Bd4 16. Nd3 Be3 17. f5 0-0 18. Bxe3 Qxe3+ 19. Kd1 exf5 20. Bxd5 Rfe8 21. Re1 Rac8 22. gxf5 Nd4 23. Qxa7 Rxc2 24. Qxb7 Qd2# 0-1